| 000 | 00505aam a2200193 4500 | ||
|---|---|---|---|
| 005 | 20191007144454.0 | ||
| 008 | 150727b xxu||||| |||| 00| 0 spa d | ||
| 041 | _aInglés | ||
| 082 | _a428 L748L | ||
| 100 |
_aLindsay, Cora _936116 |
||
| 100 |
_aKnight, Paul _936117 |
||
| 245 | _aLearning and teaching english | ||
| 260 |
_aInglaterra _bOxford _c2006 |
||
| 300 | _a188 páginas | ||
| 505 | _aContiene disco compacto N° 272 | ||
| 650 |
_aINGLÉS _92062 |
||
| 650 |
_a ENSEÑANZA _9236 |
||
| 942 | _cBK | ||
| 999 |
_c8714 _d8714 |
||